الرد المفحم : (رقم التسجيلة. 48575)

تفاصيل مارك
000 -الفاتح
عناصر البيانات ثابتة الطول 00848cam a2200181 i 4500
005 - تاريخ ووقت آخر معاملة
حقل ضبط 20251215092637.0
008 - عناصر البيانات ثابتة الطول
عناصر البيانات ثابتة الطول 250721s2000 jo gr 000 0 ara d
082 14 - رقم تصنيف ديوي العشري
رقم التصنيف 216.534
رقم المادة ا ل ب
100 1# - مدخل رئيسي – اسم شخصي
الاسم الشخصي الألباني، محمد ناصر الدين
علاقة الشخص بالعمل/ دوره مؤلف.
245 12 - بيان العنوان
العنوان الرد المفحم :
بقية العنوان على من خالف العلماء و تشدد و تعصب و ألزم المرأة أن تستر وجهها وكفيها واوجب ولم يقنع بقولهم :انه سنه ومستحب /
بيان المسؤولية للعلامه المحدث محمد ناصر الدين الالباني.
250 ## - بيان الطبعة
بيان الطبعة الطبعه الاولى.
264 31 - بيانات النشر، التوزيع…إلخ
مكان النشر، التوزيع...إلخ عمان :
تاريخ النشر، التوزيع...إلخ 2000.
اسم الناشر، الموزع...إلخ محمد ناصر الدين الالباني.
300 ## - الوصف المادي
عدد الوحدات المكونة للوعاء 184صفحه.
650 17 - مدخل إضافي بالموضوع - مصطلح موضوعي
مصطلح موضوعي أو اسم جغرافي كعنصر مدخل الحجاب.
650 17 - مدخل إضافي بالموضوع - مصطلح موضوعي
مصطلح موضوعي أو اسم جغرافي كعنصر مدخل المرأة المسلمة.
942 ## - بيانات إضافية (كوها)
نوع التنصيف Dewey Decimal Classification
نوع المادة (كوها) كتب
المقتنيات
حالة السحب حالة الفقدان مصدر التصنيف حالة التلف غير قابل للإعارة المكتبة الرئيسية المكتبة الحالية موقع الرف تاريخ التزويد الرقم المتسلسل Total Checkouts رقم الإستدعاء الباركود تاريخ آخر ظهور تاريخ الفاتورة نوع المادة (كوها)
    Dewey Decimal Classification     المكتبة المركزية المكتبة المركزية الإعارة 06/07/2004 591398   216.534 / أ ل ب 591398 28/07/2025 06/07/2004 كتب
    Dewey Decimal Classification     مكتبة أبو علندا العامة مكتبة أبو علندا العامة الإعارة 06/07/2004 591418   216.534/ألب 591418 28/07/2025 06/07/2004 كتب
    Dewey Decimal Classification     مكتبة أم قصير والمقابلين العامة مكتبة أم قصير والمقابلين العامة الإعارة 06/07/2004 591417   216.534/ألب 591417 28/07/2025 06/07/2004 كتب
    Dewey Decimal Classification     مكتبة الأميرة ايمان العامة مكتبة الأميرة ايمان العامة الإعارة 06/07/2004 591409   216.534/ألب 591409 28/07/2025 06/07/2004 كتب
    Dewey Decimal Classification Unchecked   مكتبة الاميرة بديعة مكتبة الاميرة بديعة الإعارة 06/07/2004 591412   216.534/ألب   28/07/2025 06/07/2004 كتب
    Dewey Decimal Classification     مكتبة الجويدة مكتبة الجويدة الإعارة 06/07/2004 591413   216.534/ألب 591413 28/07/2025 06/07/2004 كتب
    Dewey Decimal Classification     مكتبة الحسن العامة مكتبة الحسن العامة الإعارة 06/07/2004 591414   216.534/ألب 591414 28/07/2025 06/07/2004 كتب
    Dewey Decimal Classification     مكتبة النصر العامة مكتبة النصر العامة الإعارة 06/07/2004 591420   216.534/ألب 591420 28/07/2025 06/07/2004 كتب
    Dewey Decimal Classification     مكتبة حمزة العامة مكتبة حمزة العامة الإعارة 06/07/2004 591415   216.534/ألب 591415 28/07/2025 06/07/2004 كتب
    Dewey Decimal Classification     مكتبة صويلح العامة مكتبة صويلح العامة الإعارة 06/07/2004 591410   216.534/ألب 591410 28/07/2025 06/07/2004 كتب
    Dewey Decimal Classification     مكتبة وادي السير العامة مكتبة وادي السير العامة الإعارة 06/07/2004 591419   216.534/ألب 591419 28/07/2025 06/07/2004 كتب
Implemented & Customized by: BBB with SCIT (Smart Chains for Information Technology)

Powered by Koha